000 01140cam a2200313 a 4500
999 _c233707
_d233707
001 13992284
003 Nust
005 20170310110409.0
008 040926s2004 enkab b 001 0beng
010 _a 2005415041
015 _aGBA3-Z8885
020 _a9780007116126
035 _a(NjP)4245933
035 _a(CStRLIN)NJPGV4245933-B
040 _aUKM
_cUKM
_dIXA
_dDLC
_dys02 2007-06-25
050 0 0 _aDS23
_b.M34 2004
082 0 4 _a950.2
_bMAR
100 1 _aMarozzi, Justin,
_d1970-
245 1 0 _aTamerlane :
_bsword of Islam, conqueror of the world /
_cJustin Marozzi.
260 _aLondon :
_bHarperCollins,
_c2004.
300 _axxiv, 449 p. :
_bill., maps ;
_c24 cm.
504 _aIncludes bibliographical references (p. 425-433) and index.
600 0 0 _aTimur,
_d1336-1405.
650 0 _aMongols
_xKings and rulers
_vBiography.
650 0 _aConquerors
_zAsia
_vBiography.
651 0 _aAsia
_xHistory
_yTo 1500.
906 _a7
_bcbc
_ccopycat
_d2
_encip
_f20
_gy-gencatlg
942 _2ddc
_cBK